00550nam a2200181 a 45000010010000000030011000100080041000210350026000620820018000881000024001062450035001302600042001656500024002079420012002319520090002439980020003339990015003530000-8679ELIB.Books110520 1990  a(ELIB.Books)0000-8825 a268.432 bMor aMorrison, George S. aThe World of Child Development bU.S.A.: Delmar Publishers Inc. c1990 aChristian Education 2ddccBK 00102ddc4070aKBTSbKBTSd2011-05-20l0p9265r2022-01-22 00:00:00w2022-01-22yBK cbate2011-05-20 c8679d8679